Internationale Aktivitäten österreichischer Banken.
Ciele medzinárodnej aktivity rakúskych úverových ústavov a zúženie zahraničných obchodných aktivít v Európe. Rakúske banky v úlohe iniciátorov a objektov finančných iniciatív. Aktivita niektorých rakúskych bánk (Creditanstalt, Länderbank) a presun centier aktivity daný zmenami v Európe.
Salvato in:
| Autore principale: | |
|---|---|
| Natura: | Capitolo di libro |
| Lingua: | tedesco |
| Soggetti: | |
| Tags: |
Nessun Tag, puoi essere il primo ad aggiungerne!!
|
MARC
| LEADER | 00000naa a2200000 4500 | ||
|---|---|---|---|
| 001 | r005933 | ||
| 005 | 20221130103530.5 | ||
| 041 | 0 | |a ger | |
| 044 | |a DE | ||
| 245 | 1 | 0 | |a Internationale Aktivitäten österreichischer Banken. |c P.R. Haiss |
| 520 | |a Ciele medzinárodnej aktivity rakúskych úverových ústavov a zúženie zahraničných obchodných aktivít v Európe. Rakúske banky v úlohe iniciátorov a objektov finančných iniciatív. Aktivita niektorých rakúskych bánk (Creditanstalt, Länderbank) a presun centier aktivity daný zmenami v Európe. | ||
| 610 | 2 | 0 | |a banky |
| 610 | 2 | 0 | |a Rakúsko |
| 610 | 2 | 0 | |a Creditanstalt |
| 610 | 2 | 0 | |a Länderbank |
| 610 | 2 | 0 | |a úver bankový |
| 610 | 2 | 0 | |a Európa |
| 100 | 1 | |a Haiss, P.R. | |